00441nam a2200181Ia 4500003000400000005001700004008004100021040000700062041000800069082002000077100003500097245004000132260004200172300001600214365000700230650001000237650001200247OSt20250721102400.0210719s2018 xx 000 0 und d cAL aeng a598.295487 STAB aSt Aloysius College Autonomous aBirds and butterflies of the campus aMangalurubSt Aloysisus Collegec2018 aiv,25p.bHB cRs aBirds aZoology